| 000 | 006620000a22001210004500 | ||
|---|---|---|---|
| 100 | 1 | _aWinedt, Marlon. | |
| 245 | 1 | 0 | _aContexto cultural del antiguo testamento. |
| 300 | _aVol.64, no.289 (2009), p. 12-17 | ||
| 520 | _aEl capítulo 24 de Génesis se puede dividir en cuatro escenas narrativas. El narrador utilizó este recurso para interrelacionar los eventos del relato, los cuales están anclados en las costumbres cotidianas del mundo de los patriarcas. Muchas de estas costumbres y temas seguían vigentes en el mundo mediterráneo en el tiempo de Jesús. | ||
| 650 | 1 | 4 | _aBIBLIA A.T. - CONTEXTO CULTURAL |
| 773 | 0 | _tLa Biblia en las Américas | |
| 942 | _cANA | ||
| 999 |
_c63066 _d63066 |
||